000 01607nam a2200229Ia 4500
003 Ost
005 20260507075340.0
008 260507s9999||||xx |||||||||||||| ||und||
020 _a90997199619
040 _cfsecg
041 _aara
082 _a330
100 _aجاري، محمد صغير
_eمؤلف
245 0 _aاقتصاد عمومي :
_bمبادئ و مناهج في تخصيص الموارد /
_c محمد صغير جاري
260 _aالجزائر:
_b[دون ناشر],
_c2010
300 _a210 صفحة؛
_bإيضاحات ؛
_c23 سم
520 _aالاقتصاد العمومي و اهم المواضيع الخاصة به ، دراسة كل من النظرية العضوية النظرية المادية النظرية العالمية للدولة و نظرية تخطيط ووظائف الدولة ، الاسس الفلسفية و الموضوعية في معيار pareto ، نظرية التوافق العام في تحديد ميزانية الدولة و النشاط العمومي و مؤثراته في التوازن و رشادة الخيارات الكلية للاقتصاد الوطني و المبادئ الاقتصادية في الخيارات العمومية و قياس جدوى المشاريع العمومية و منهجية التحليل الاقتصادي للمشاريع التنموية الكبيرة و أخيرا التجارة الخارجية في الاقتصاد العمومي
653 _aاقتصاد- القطاع العام
653 _aالاقتصاد العام
653 _aالمالية العامة
942 _cكتاب
999 _c44078
_d44078